pokemon 1 g ordre alphabetique - Statistiques

Statistiques générales
  • Ce quiz a été pris 75 fois
  • Le résultat moyen est 82 sur 151
Statistiques - réponses
° Nom % Correct
23 Abo
97%
63 Abra
90%
65 Alakazam
83%
1 Bulbizarre
83%
13 Aspicot
79%
7 Carapuce
79%
10 Chenipan
79%
11 Chrysacier
79%
14 Coconfort
79%
6 Dracaufeu
79%
139 Amonistar
76%
138 Amonita
76%
8 Carabaffe
76%
2 Herbizarre
76%
55 Akwakwak
72%
24 Arbok
72%
59 Arcanin
72%
144 Artikodin
72%
58 Caninos
72%
15 Dardargnan
72%
148 Draco
72%
149 Dracolosse
72%
38 Feunard
72%
3 Florizarre
72%
151 Mew
72%
150 Mewtwo
72%
49 Aéromite
69%
134 Aquali
66%
83 Canarticho
66%
69 Chétiflor
66%
145 Electhor
66%
40 Grodoudou
66%
66 Machoc
66%
67 Machopeur
66%
21 Piafabec
66%
70 Boustiflor
62%
101 Electrode
62%
68 Mackogneur
62%
52 Miaouss
62%
12 Papilusion
62%
5 Reptincel
62%
4 Salamèche
62%
57 Colossinge
59%
117 Hypocéan
59%
116 Hypotrempe
59%
48 Mimitoss
59%
46 Paras
59%
47 Parasect
59%
25 Pikachu
59%
26 Raichu
59%
19 Rattata
59%
20 Rattatac
59%
39 Rondoudou
59%
18 Roucarnage
59%
16 Roucool
59%
17 Roucoups
59%
91 Crustabri
55%
85 Dodrio
55%
84 Doduo
55%
125 Elektek
55%
71 Empiflor
55%
92 Fantominus
55%
37 Goupix
55%
75 Gravalanch
55%
76 Grolem
55%
140 Kabuto
55%
141 Kabutops
55%
113 Leveinard
55%
147 Minidraco
55%
34 Nidoking
55%
31 Nidoqueen
55%
30 Nidorina
55%
33 Nidorino
55%
22 Rapasdepic
55%
9 Tortank
55%
94 Ectoplasma
52%
133 Evoli
52%
56 Férosinge
52%
78 Galopa
52%
97 Hypnomade
52%
123 Insécateur
52%
64 Kadabra
52%
99 Krabboss
52%
98 Krabby
52%
129 Magicarpe
52%
36 Mélodelfe
52%
35 Mélofée
52%
43 Mystherbe
52%
29 Nidoran femelle
52%
32 Nidoran mâle
52%
53 Persian
52%
27 Sabelette
52%
28 Sablaireau
52%
89 Grotadmorv
48%
106 Kicklee
48%
90 Kokiyas
48%
87 Lamantine
48%
130 Léviator
48%
124 Lippoutou
48%
132 Métamorph
48%
103 Noadkoko
48%
102 Noeunoeuf
48%
44 Ortide
48%
86 Otaria
48%
118 Poissirène
48%
119 Poissoroy
48%
45 Rafflésia
48%
51 Triopikeur
48%
100 Voltorbe
48%
115 Kangourex
45%
42 Nosferalto
45%
41 Nosferapti
45%
111 Rhinocorne
45%
112 Rhinoféros
45%
143 Ronflex
45%
50 Taupiqueur
45%
80 Flagadoss
41%
126 Magmar
41%
95 Onix
41%
105 Ossatueur
41%
104 Osselait
41%
77 Ponyta
41%
137 Porygon
41%
54 Psykokwak
41%
136 Pyroli
41%
74 Racaillou
41%
127 Scarabrute
41%
109 Smogo
41%
110 Smogogo
41%
93 Spectrum
41%
120 Stari
41%
121 Staross
41%
146 Sulfura
41%
88 Tadmorv
41%
135 Voltali
41%
108 Excelangue
38%
131 Lokhlass
38%
81 Magnéti
38%
82 Magnéton
38%
96 Soporifik
38%
128 Tauros
38%
72 Tentacool
38%
73 Tentacruel
38%
79 Ramoloss
34%
107 Tygnon
34%
60 Ptitard
31%
62 Tartard
31%
61 Têtarte
31%
122 M. Mime
28%
142 Ptéra
28%
114 Saquedeneu
28%
Aucun quiz correspondant
Distribution des résultats
% des personnes avec chaque résultat
Percentile par nombre de réponses
Votre historique - résultats
Vous n’avez pas pris ce quiz